Modern Aadhyathma- bhaga 1 (Record no. 120461)

MARC details
000 -LEADER
fixed length control field 00620nam a2200229Ia 4500
003 - CONTROL NUMBER IDENTIFIER
control field OSt
005 - DATE AND TIME OF LATEST TRANSACTION
control field 20251111091840.0
008 - FIXED-LENGTH DATA ELEMENTS--GENERAL INFORMATION
fixed length control field 210210b2016 xxu||||| |||| 00| 0 eng d
020 ## - INTERNATIONAL STANDARD BOOK NUMBER
International Standard Book Number 9788193217108
040 ## - CATALOGING SOURCE
Transcribing agency AL
041 ## - LANGUAGE CODE
Language code of text/sound track or separate title Kannada
082 ## - DEWEY DECIMAL CLASSIFICATION NUMBER
Classification number K894.4 RUPM
100 ## - MAIN ENTRY--PERSONAL NAME
Personal name RUPA AYYAR
9 (RLIN) 244869
Dates associated with a name ರೂಪಾ ಅಯ್ಯರ್
245 ## - TITLE STATEMENT
Title Modern Aadhyathma- bhaga 1
Remainder of title ಮಾಡರ್ನ್ ಆಧ್ಯಾತ್ಮ
260 ## - PUBLICATION, DISTRIBUTION, ETC.
Place of publication, distribution, etc. Bengaluru
Name of publisher, distributor, etc. -
Date of publication, distribution, etc. 2016
300 ## - PHYSICAL DESCRIPTION
Extent 260
440 ## - SERIES STATEMENT/ADDED ENTRY--TITLE
Title 1
9 (RLIN) 244870
650 ## - SUBJECT ADDED ENTRY--TOPICAL TERM
Topical term or geographic name entry element Roopa Iyer
9 (RLIN) 244871
690 ## - LOCAL SUBJECT ADDED ENTRY--TOPICAL TERM (OCLC, RLIN)
Topical term or geographic name as entry element Kannada Prose
9 (RLIN) 244872
906 ## - LOCAL DATA ELEMENT F, LDF (RLIN)
a 071089
942 ## - ADDED ENTRY ELEMENTS (KOHA)
Source of classification or shelving scheme Dewey Decimal Classification
Koha item type Book
Holdings
Withdrawn status Lost status Source of classification or shelving scheme Damaged status Not for loan Collection code Home library Current library Shelving location Date acquired Source of acquisition Cost, normal purchase price Total Checkouts Full call number Barcode Date last seen Price effective from Koha item type
    Dewey Decimal Classification     Kannada St Aloysius Library St Aloysius Library   02/17/2021 Navakarnataka Publication Pvt Ltd., Mangalore 225.00   K894.4 RUPM 071089 02/17/2021 02/17/2021 Book